000 00389 a2200145 4500
999 _c4791
_d4791
020 _a9781447223559
050 _aPR6107 WIL 2013
100 _aWilliams, Charlotte
_eauthor
245 _aThe house on the cliff /
_cCharlotte Williams
264 _aOxford:
_bPan Books,
_c2013.
300 _a294p. :
500 _aNovel
650 _aFamily secrets--Fiction.
942 _2lcc
_cBK
_h6107
_iWIL
_kPR